Quizzes
Events
Quiz Creation
Community
Videos
Private Events
Remove Ads
Sign In
Join for FREE
Feedback
Dark Mode
Quiz Categories
Sports
Geography
Music
Movies
Television
Just For Fun
Miscellaneous
History
Literature
Language
Science
Gaming
Entertainment
Religion
Holiday
For Kids
Quiz Lab
Recent
Popular Today
Quiz Kudos Today
Editor Picks
Curator Picks
Quizzes by...
Day
Popularity
Type
Ratings
Length
Year
Community
Subscriptions
Recent Discussions
Orange Saloon
Badges
Playlists
Quests
Create
Leaderboards
Showdown
Live 5
Trivia Bingo
Activity
Puzzle Library
Sporcle Events
Private Events
Virtual Trivia
Globe League
Become a Host
Pub Owners
SporcleCon
Opinionation
Our Games
Videos
Blog
Mobile Apps
Partnerships
Remove Ads and Go Orange
Feedback
Sports
Athletes
MLB
NBA
NHL
NFL
Soccer
Sports Teams
WWE
NCAA
Football
Premier League
Basketball
Baseball
Hockey
Golf
Tennis
Cricket
Rugby
Auto Racing
Olympics
World Cup
Sports
Athletes
MLB
NBA
NHL
NFL
Soccer
Sports Teams
WWE
NCAA
Football
Premier League
Basketball
Baseball
Hockey
Golf
Tennis
Cricket
Rugby
Auto Racing
Olympics
World Cup
Random Quiz
Search Sporcle
×
Quiz Lab
Quiz Lab
Sports
Notts County
Type in answers that appear in a list
Type in answers that appear in a list
Classic
Best Score? Go Orange.
Notts County Managers Stats
Can you name the Notts County Managers?
By
TheDoctor
10m
58 Questions
249 Plays
249 Plays
249 Plays
Comments
Comments
Give Quiz Kudos
Give Quiz Kudos
-
- Ratings
hide this ad
Replay
Link that replays current quiz
Next Quiz
Link to next quiz in quiz playlist
You Got
0%
They Got
Avg Score
27%
Avg Friend Score
Upgrade to see
Score Distribution
Jump to the score distribution portion of the page
Score
0/58
Timer
10:00
0
Plays Today
Seasons
% Correct
1969-
1975
Jimmy Sirrel
86.3%
1977-
1982
Jimmy Sirrel
86.3%
1985-
1987
Jimmy Sirrel
86.3%
1989-
1993
Neil Warnock
78.2%
2013-
2015
Shaun Derry
70.4%
2010-
2011
Paul Ince
66.7%
1997-
1999
Sam Allardyce
65.7%
2007-
2009
Ian 'Charlie' McParland
62.1%
2010
Steve Cotterill
61.6%
2012-
2013
Keith Curle
60.4%
2011-
2012
Martin Allen
57.9%
2010
Craig Short
51.6%
2013
Chris Kiwomya
50.9%
2009
Hans Backe
49.2%
1995-
1996
Steve Thompson
48.4%
2006-
2007
Steve Thompson
48.4%
1982-
1983
Howard Wilkinson
45.2%
19993-
1994
Mick Walker
43.1%
1999-
2000
Gary Brazil
42.7%
2001-
2002
Gary Brazil
42.7%
1995
Howard Kendall
37.5%
2000-
2001
Jocky Scott
37.5%
1935-
1936
Percy Smith
37.1%
2004
Gary Mills
36.7%
2002-
2004
Billy Dearden
36.3%
2004-
2005
Ian Richardson
35.1%
1934-
1935
Charlie Jones
33.5%
1995-
1996
Colin Murphy
30.2%
1957-
1958
Tommy Lawton
29.4%
Seasons
% Correct
1994-
1995
Russell Slade
28.2%
1987-
1988
John Barnwell
27.4%
1983-
1984
Larry Lloyd
26.2%
2015
Ricardo Moniz
23.3%
2005-
2006
Gudjon Thordarson
23%
1975-
1977
Ron Fenton
16.5%
1984-
1985
Ritchie Barker
10.9%
1967-
1968
Billy Gray
8.5%
1917-
1919
R.C. White
8.1%
1958-
1961
Frank Hill
7.7%
1961-
1963
Tim Coleman
5.2%
1944-
1946
Major Frank Buckley
4.4%
1913-
1927
Albert Fisher
4%
1927-
1934
Horace Henshall
4%
1966
Jack Burkitt
4%
1946-
1949
Arthur Stollery
3.6%
1949-
1953
Eric Houghton
3.6%
1953-
1957
George Poyser
3.6%
1963-
1965
Eddie Lowe
3.6%
1967-
1968
Andy Beattie
3.6%
1893-
1913
Tom Harris
3.2%
1883-
1893
Edwin Browne
2.8%
1942-
1943
Frank Womack
2.8%
1935
David Pratt
2.4%
1936-
1937
Jimmy McMullan
2.4%
1938-
1939
Harry Parkes
2.4%
1939-
1942
Tony Towers
2.4%
1965
Tim Coleman
2.4%
1893
Tom Featherstone
1.6%
Quiz Playlist
Details
Report
Send in Message
Add To Playlist
Classic:
Type in answers that appear in a list
Last Updated: Feb 16, 2017
Quiz Scoreboard
CHALLENGE
Sign Up to Join the Scoreboard
Show All
Scores
Hide
Comments
May contain spoilers
Recently Published
9x9 Crossword: Cartoon Network
by jackfrog10
Miscellaneous
3m
College Basketball Coaching Resumes
by pancakes188
Sports
9m
Billboard Blitz: Fleetwood Mac
by CooCooCachoo
Music
15s
More to Explore
Quiz From the Vault
Featured Blog Post
Where Did the Easter Bunny Come From?
hide this ad
You Might Also Like...
Tags
counties
Manager
Notts County
season
Today's Top Quizzes in Sports
Browse Sports
hide this ad
Top Contributed Quizzes in Sports
1
2022 World Cup Stars
2
Les meilleurs buteurs des matchs entre le PSG et l’OM
3
FIFA Club World Cup Champions
4
Les entraîneurs de l'OM et du PSG au 21e siècle
5
Criteria MLB: Left Handed Sluggers
6
AFC Teams Reveal (Wrong Answers Minefield)
7
2023 MLB Unique Player Accomplishments
8
5-to-1: FBS Animal Nicknames
9
Players with Multiple 50 Home Run Seasons
10
5-to-1: UK Sports Teams
Explore More
Trending Topics
Harry Potter
Anime
Disney
Marvel
Kpop
Crossword
NBA
WWE
Song
Country
Soccer
Puzzle
The Office
NFL
Pokémon
hide this ad
More By:
TheDoctor
Quiz
Plays
Rating
Category
Featured
Created
English Football Club First Names
12,632
4.47
Sports
Oct 3, 2009
Top 200 Football Clubs of the 20th Century
10,053
3.89
Sports
Dec 19, 2009
Cryptic English and Scottish Football
9,072
4.37
Sports
Nov 7, 2009
Red Dwarf Episodes
5,827
4.38
Television
Oct 2, 2009
FA Cup Runners Up
3,134
4.33
Sports
Dec 13, 2009
Go to Creator's Profile
Score Distribution
Quiz Creator Spotlight
TheDoctor
Follow
Send a Message
Quizzes Created
-
Created Quiz Play Count
-
More By This Creator
Popular Quizzes Today
1
Find the US States - No Outlines Minefield
2
Find the Countries of Europe - No Outlines Minefield
3
The Countries of the World
4
Find the US States
5
Risky Map Clicking: Biggest States A-Z
6
US States
7
Popular People in 1961
8
Movies - When Are They Set?
More Sports Quizzes
Football Crest Sorting (UEFA - ENG, ESP, GER, ITA II)
Curator's Pick
Trending Quizzes
Risky Map Clicking: Least Populous States A-Z
1-10 Letter G Words
1-10 Letter F Words
Risky Map Clicking: Next State Alphabetically
Adjectives in 80s TV Shows
Recently Updated
Leaping Animals
pecheneg
Reality TV Shows (A-Z)
bhenderson79
Rickey Henderson's Hall of Fame Teammates
pecheneg
Champions League XIs: Arsenal
pecheneg
Quick Pick: Celebrities in WWE's Hall of Fame
aduchscher
A-Z Keypad Blitz II
pecheneg
Multiple Oscar Actors
pecheneg
Mystery Phrase Blitz: Oscar 'Best Actors'
pecheneg
F. Scott Fitzgerald Novels
LTH
Pick 3 Villains
ddd62291
Trending Topics
Anime
Kpop
Disney
Harry Potter
Crossword
NBA
Marvel
Soccer
WWE
Pokémon
Country
Puzzle
Song
NFL
The Office
Your Account Isn't Verified!
In order to create a playlist on Sporcle, you need to verify the email address you used during registration. Go to your
Sporcle Settings
to finish the process.
Report this User
Report this user for behavior that violates our
Community Guidelines
.
Details:
Send Report
Go to the Sporcle.com Mobile Site →
Comments